000 00848nam a22001937a 4500
005 20260218130416.0
008 260218b cr |||||||| |||| 00| 0 spa d
050 0 4 _aF1549.S36
_bB65 1999
100 1 _aBolaños Villalobos, Rafael.
245 1 0 _aAl occidente del Abra
_b: historia monográfica de Santo Domingo de Heredia
_c/ Rafael Bolaños Villalobos ; colaboración Floria Arrea Sierman.
250 _a1a ed.
260 _aSan José, Costa Rica :
_bEditorial Centro de Estudios e Investigaciones Sociales,
_c1999.
300 _a104 p. :
_bil. ;
_c21 cm.
504 _aIncluye apéndice, bibliografía e índice.
650 7 _2lemb
_aCiudades y pueblos
_xHistoria
_zCosta Rica
_zSanto Domingo de Heredia
651 7 _2naf
_aSanto Domingo de Heredia (Costa Rica)
_xHistoria
700 1 _aArrea Sierman, Floria,
_ecolaborador
942 _2lcc
_cLIB
999 _c111895
_d111895